000 004450000a22001810004500
003 MACL
005 20150728132737.0
008 150728b xxu||||| |||| 00| 0 eng d
040 _aMACL
_cMACL
041 _aEnglish
082 _a333/PRU
100 _aPruthi,Raj Kumar
_92829
245 _aGlobalization And Culture
260 _bAifa Publications
_c2007
_aNew Delhi
350 _a875
650 _aSocial Science
_92830
942 _cBK
_k333
_2ddc
999 _c1842
_d1842